Jak dobrze znasz aktorów grających w rodzince pl - Statystyki

Ogólne statystyki
  • Ten quiz został rozwiązany 121 razy
    83 od ostatniego zresetowania
  • Średni wynik to 12 z 17
Statystyki odpowiedzi
Hint Odpowiedź % Poprawnych
Małgorzata Kożuchowska Natalia Boska
98%
Tomasz Karolak Ludwik Boski
97%
Maciej Musiał Tomek Boski
95%
Adam Zdrójkowski Jakub Boski
92%
Mateusz Pawłowski Kacper Boski
88%
Julia Wieniawa Paulina
80%
Halina Skoczyńska Janina Lipska (Matka Natalii)
77%
Olga Kalicka Magda
75%
Emilia Dankwa Zosia Zalewska
73%
Agata Kulesza Maria
65%
Jacek Braciak Marek Nawrocki
63%
Wiktoria Gąsiewska Agata Matuszkiewicz
62%
Daniel Dziorek Bolo
62%
Adam Sikora Filip
62%
Magdalena Stużyńska Wiola
52%
Jan Raubo Maciek
50%
Michał Grudziński Zenon Lipski (Ojciec Natalii)
48%
Nie znaleziono quizów pasujących do podanych kryteriów
Rozkład punktacji
Procent ludzi z każdym wynikiem
Percentyl według liczby udzielonych odpowiedzi
Twoja historia wyników
Nie rozwiązałeś tego quizu od ostatniego zresetowania